000 00885nam a2200229 a 4500
001 81159
003 BD-RjUL
005 20230730130844.0
008 230201s2022 bg ||||| |||| 00| 0 ben d
020 _a9789848881073
035 _a(BD-RjUL)81159
040 _aBD-RjUL
_beng
_cBD-RjUL
041 _aben
082 _223
_a398.2095492
_bMOF 2022
100 _aমণ্ডল, অনুপম হীরা
_96453
245 _aফোকলোর তত্ত্ব ও বাংলা লোকসাহিত্য /
_cঅনুপম হীরা মণ্ডল
260 _aঢাকা :
_bশুভ্র প্রকাশ,
_c২০২২
300 _a৪৪৮ পৃ.;
_c২২ সেমি.
650 _aলোকসাহিত্য
_xইতিহাস
_zবাংলাদেশ
_96805
650 _aFolk Literature
_xHistory
_zBangladesh
_96806
942 _2ddc
_cBK
999 _c81159
_d81159